Normal view
MARC view
- Ruiz de Zarobe, Yolanda
Entry Nombre Personal
001 - NUMERO DE CONTROL
- campo de control: 48617
003 - IDENTIFICADOR DE NUMERO DE CONTROL
- campo de control: DLC
005 - FECHA Y HORA DE LA ÜLTIMA TRANSACCIÓN
- campo de control: 20230330104208.0
008 - DATOS DE LONGITUD FIJA
- campo de control de longitud fija: 090313n| acannaabn |a aaa
010 ## - NÚMERO DE CONTROL DE LA BIBLIOTECA DEL CONGRESO
- Número de control LC: n 2009015972
035 ## - NUMERO DE CONTROL
- Número de control: (OCoLC)oca08045872
040 ## - FUENTE DE CATALOGACIÓN
- Agencia original de catalogación: DLC
- Lenguaje de catalogación: spa
- Agencia de transcripción: DLC
- Agencia que lo modifica: TxHU
- Agencia que lo modifica: MX-MxUPN
100 1# - ENCABEZAMIENTO - NOMBRE PERSONAL
- Nombre personal: Ruiz de Zarobe, Yolanda
400 1# - VEÁSE - NOMBRE DE PERSONA
- Personal name: Zarobe, Yolanda Ruiz de
400 1# - VEÁSE - NOMBRE DE PERSONA
- Personal name: De Zarobe, Yolanda Ruiz
670 ## - FUENTE EN LA QUE SE LOCALIZARON DATOS
- Cita de la fuente: Content and language integrated learning, 2009:
- Información localizada: ECIP portada (Yolanda Ruiz de Ruiz) vista de datos (prof. at University of the Basque Country)
670 ## - FUENTE EN LA QUE SE LOCALIZARON DATOS
- Cita de la fuente: Enseñar hoy una lengua extranjera, 2019:
- Información localizada: portada (Yolanda Ruiz de Zarobe)
902 ## - CATALOGADOR
- Catalogador: VíctorGodínez/300323
